Sports Quiz

Random Sports or Soccer Quiz

English top flight: Top goalscorer by county of birth Quiz Stats

 Plays Quiz not verified by Sporcle

Challenge
Share
Tweet
Embed
Score 0/46 Timer 10:00
0 Plays Today
% Correct
Alan Shearer
92.5%
Dixie Dean
70%
Jimmy Greaves
60%
Gareth Barry
40%
Nick Barmby
35%
Nat Lofthouse
30%
Andy Cole
27.5%
Kevin Phillips
25%
Steve Bloomer
17.5%
George Camsell
10%
Mick Channon
10%
Kerry Dixon
10%
Bobby Tambling
7.5%
Joe Bradford
5%
Ronnie Allen
5%
Tommy Johnson
5%
Frank Worthington
5%
Alan Smith
5%
Peter Osgood
5%
Jack Cock
5%
Trevor Whymark
5%
Harry Johnson
2.5%
Bobby Smith
2.5%
% Correct
Jack Bowers
2.5%
John Ritchie
2.5%
Cliff Bastin
2.5%
Roy Bentley
2.5%
Ian Storey-Moore
2.5%
Roy Shiner
2.5%
Jack Sharp
2.5%
Cliff Holton
2.5%
Charlie Wilson
2.5%
Paul Rideout
2.5%
George Brown
0%
Harry Hampton
0%
Vic Watson
0%
Peter Harris
0%
Ray Charnley
0%
Frank Roberts
0%
Jimmy Murray
0%
Jimmy Cantrell
0%
Alf Milward
0%
Vic Keeble
0%
Johnny Byrne
0%
Colin Addison
0%
Peter Goring
0%

You're not logged in!

Compare scores with friends on all Sporcle quizzes.
OR
Log In

You Might Also Like...

Show Comments

Extras

Top Quizzes Today


Score Distribution

Your Account Isn't Verified!

In order to create a playlist on Sporcle, you need to verify the email address you used during registration. Go to your Sporcle Settings to finish the process.

Report this User

Report this user for behavior that violates our Community Guidelines.

Details: